00705 2200193 4500001002100000005001500021035002000036007000300056008004100059020002200100082001100122084001800133100003300151245018700184250001100371260004300382300003400425650005200459INLIS00000000000201720260211083340 a0010-0226000027ta260211 g 0 ind  a978-979-24-4733-0 a352.14 a352.14 RED p0 aRedaksi Penerbit Asa Mandiri1 aPeraturan Pelaksanaan Administrasi Kependudukan :bPPRI No.37 Tahun 2007 Tentang Pelaksanaan UU RI No. 23 Tahun 2007 Tentang Administrasi Kependudukan /cRedaksi Penerbit Asa Mandiri aCet. 1 aJakarta :bPenerbit Asa Mandiri,c2007 aviii + 108 hlm. ;c12 X 21 cm aPeraturan Pelaksanaan Administrasi Kependudukan